000 00543nam a22001937a 4500
005 20260529115413.0
010 _aENG-148630
020 _a9789386050823
_c450.00
035 _aEN-132162
037 _bDBAS
082 _aS
100 _aRahman, Fazlur
_989231
245 _aThe Temple Road:
_bA Doctor's Journey/
_cFazlur Rahman
250 _a1
260 _aNew Delhi
_bSpeaking Tiger Publishing Pvt. Ltd.
_c2016
270 _a4381/4 Ansari Road, Daryaganj
_bNew Delhi
_e110002
300 _a304p.
_c22cm.(pb)
942 _2ddc
_cEN
_hS
_mRAH
999 _c216395
_d216395